| 000 | 00883nam a2200229 a 4500 | ||
|---|---|---|---|
| 001 | 000013814 | ||
| 005 | 20240520190011.0 | ||
| 008 | 091130s1994 dr 001 0 spa d | ||
| 040 |
_aDO-SdBNP _bspa _cBNPHU |
||
| 082 |
_a291.092 _bS718b |
||
| 245 | 0 | 3 |
_aEl Padre Guillermo Soto (1943-1994) / : _beditor Rafael Bello Peguero ; presentación José Chez Checo. |
| 260 |
_aSanto Domingo : _bAmigo del Hogar, _c1994. |
||
| 300 |
_a69 p. ; _c21 cm. |
||
| 504 | _aIncluye bibliografía y notas al pie de páginas. | ||
| 590 | _aInventariado, 2018/VM | ||
| 600 | 1 | 4 |
_aSOTO MONTERO, EXFRAN GUILLERMO, _cPADRE, _d1943-1994 _931307 |
| 650 | 0 |
_aClero _919068 |
|
| 650 | 4 |
_aIglesia católica _zRepública Dominicana _xHistoria _9358 |
|
| 700 | 1 |
_aBello Peguero, Rafael, _d1932-2022 _eed. _92405 |
|
| 700 | 1 |
_aChez Checo, José, _d1949- _epresent. _910145 |
|
| 910 | _aValidado. Control de calidad EMS | ||
| 999 |
_c13426 _d13426 |
||